|
|
|
|
| LEADER |
00000nam0a2200000 4500 |
| 001 |
95536 |
| 005 |
20231031110158.0 |
| 035 |
|
|
|a (RuTPU)RU\TPU\book\102297
|
| 090 |
|
|
|a 95536
|
| 100 |
|
|
|a 20060427d1977 m y0rusy50 ca
|
| 101 |
0 |
|
|a rus
|
| 102 |
|
|
|a RU
|
| 105 |
|
|
|a y z 001zy
|
| 200 |
1 |
|
|a Расчет теплообменика
|e учебное пособие
|f Ю. Ф. Карабанов
|g Ивановский энергетический институт
|
| 210 |
|
|
|a Иваново
|c Ивановский гос-ый ун-т
|d 1977
|
| 215 |
|
|
|a 30 с.
|
| 320 |
|
|
|a Библиогр.: с. 30.
|
| 610 |
1 |
|
|a теплотехника
|
| 610 |
1 |
|
|a теплообмен
|
| 610 |
1 |
|
|a теплообменники
|
| 610 |
1 |
|
|a теплообменные расчеты
|
| 610 |
1 |
|
|a теплообменные процессы
|
| 610 |
1 |
|
|a учебные пособия
|
| 675 |
|
|
|a 621.1.016.4-05.001.2(075.8)
|v 3
|
| 700 |
|
1 |
|a Карабанов
|b Ю. Ф.
|g Юрий федорович
|
| 712 |
0 |
2 |
|a Ивановский энергетический институт
|2 stltpush
|3 (RuTPU)RU\TPU\col\6341
|
| 801 |
|
1 |
|a RU
|b 63413507
|c 20060427
|g PSBO
|
| 801 |
|
2 |
|a RU
|b 63413507
|c 20070301
|g PSBO
|
| 942 |
|
|
|c BK
|